[Event "DVM U14 2016"]
[Site "Düsseldorf GER"]
[Date "2016.12.27"]
[Round "2"]
[White "Bui, Ngoc Han Julia"]
[Black "Sowka, Patrick"]
[Result "0-1"]
[Termination "normal"]
[Board "3.3"]
[WhiteElo "1773"]
[BlackElo "1686"]
[WhiteTeam "SV Dresden-Leuben"]
[BlackTeam "FC Ergolding"]
[PlyCount "68"]
[WhiteFideId "12977055"]
[BlackFideId "16234944"]
[EventCountry "GER"]
[EventRounds "7"]
[EventType "team-swiss"]
[EventDate "2016.12.26"]

1. e4 e6 2. d4 d5 3. Nd2 Nd7 4. e5 c5 5. c3 Ne7 6. Bd3 Nc6 7. Ndf3 Be7 8. Ne2
O-O 9. O-O c4 10. Bb1 Re8 11. Ne1 Nf8 12. f4 Bd7 13. f5 b5 14. Nf4 exf5 15.
Nxd5 g6 16. Nf3 Be6 17. Nxe7+ Nxe7 18. Bg5 Qd7 19. Qd2 Nd5 20. Bc2 Qc7 21. Qf2
Nd7 22. Qh4 Rac8 23. Qh6 Qb6 24. Kh1 a5 25. g4 Rc6 26. gxf5 Bxf5 27. Bxf5 gxf5
28. Bf6 N7xf6 29. exf6 Rxf6 30. Rg1+ Rg6 31. Ne5 Qb7 32. h3 Ne3+ 33. Kh2 Rg2+
34. Kh1 Rxg1+ 0-1

[Event "DVM U14 2016"]
[Site "Düsseldorf GER"]
[Date "2016.12.27"]
[Round "2"]
[White "Huber, Benedikt"]
[Black "Chernykh, Arkady"]
[Result "1-0"]
[Termination "normal"]
[Board "4.1"]
[WhiteElo "1869"]
[BlackElo "1896"]
[WhiteTeam "SK München Südost"]
[BlackTeam "Karlsruher SF"]
[PlyCount "57"]
[WhiteFideId "12923583"]
[BlackFideId "12989436"]
[EventCountry "GER"]
[EventRounds "7"]
[EventType "team-swiss"]
[EventDate "2016.12.26"]

1. d4 Nf6 2. Nc3 d5 3. Bf4 Bf5 4. e3 e6 5. Bd3 Bg6 6. Nf3 Bd6 7. Bg3 O-O 8. O-O
Nbd7 9. Ne5 Bxe5 10. dxe5 Ne4 11. Bxe4 dxe4 12. Qd4 Nb6 13. Qc5 Nd7 14. Qb4 Qc8
15. Rfd1 Rd8 16. Bh4 c5 17. Qb3 Rf8 18. Be7 Re8 19. Bd6 a6 20. a4 Qc6 21. a5 b5
22. axb6 Nxb6 23. Ra5 Nd7 24. Qa4 Qxa4 25. Nxa4 Red8 26. Be7 Bh5 27. Rd2 Rdb8
28. Rxd7 Rb5 29. Rxa6 1-0

[Event "DVM U14 2016"]
[Site "Düsseldorf GER"]
[Date "2016.12.27"]
[Round "2"]
[White "Koll, Lukas"]
[Black "Lohvinov, Petro"]
[Result "1/2-1/2"]
[Termination "normal"]
[Board "4.2"]
[WhiteElo "1821"]
[BlackElo "1714"]
[WhiteTeam "Karlsruher SF"]
[BlackTeam "SK München Südost"]
[PlyCount "54"]
[WhiteFideId "12969737"]
[BlackFideId "14176661"]
[EventCountry "GER"]
[EventRounds "7"]
[EventType "team-swiss"]
[EventDate "2016.12.26"]

1. Nf3 Nf6 2. g3 b6 3. Bg2 Bb7 4. O-O e6 5. b3 Be7 6. Bb2 c5 7. d4 O-O 8. Nbd2
cxd4 9. Nxd4 Bxg2 10. Kxg2 d5 11. e3 Qc7 12. Rc1 Qb7 13. N2f3 Nbd7 14. Qe2 Rac8
15. Kg1 Rfd8 16. Rfd1 Ne4 17. c4 dxc4 18. Rxc4 Rxc4 19. Qxc4 Rc8 20. Nc6 Rxc6
21. Qxe4 Nf6 22. Qb1 Qc8 23. Rc1 Rxc1+ 24. Qxc1 Qxc1+ 25. Bxc1 Ne4 26. Bb2 Bf6
27. Bxf6 gxf6 1/2-1/2

[Event "DVM U14 2016"]
[Site "Düsseldorf GER"]
[Date "2016.12.27"]
[Round "2"]
[White "Grunert, Friedrich"]
[Black "Fidlin, Simon"]
[Result "0-1"]
[Termination "normal"]
[Board "4.3"]
[WhiteElo "1795"]
[BlackElo "1717"]
[WhiteTeam "SK München Südost"]
[BlackTeam "Karlsruher SF"]
[PlyCount "140"]
[WhiteFideId "12995592"]
[BlackFideId "16217535"]
[EventCountry "GER"]
[EventRounds "7"]
[EventType "team-swiss"]
[EventDate "2016.12.26"]

1. e4 c5 2. Nf3 a6 3. d4 cxd4 4. Nxd4 Nf6 5. Nc3 e5 6. Nb3 Bb4 7. f3 d6 8. a3
Bxc3+ 9. bxc3 O-O 10. Be3 Qc7 11. c4 b6 12. Be2 Be6 13. O-O Nbd7 14. Nd2 Nc5
15. a4 a5 16. Nb1 Rfd8 17. Nc3 Bd7 18. Bg5 Bc6 19. Qe1 Ne6 20. Bh4 Re8 21. Nd5
Bxd5 22. cxd5 Nd4 23. Rc1 Nxe2+ 24. Qxe2 Nh5 25. Bf2 Nf4 26. Qb5 Rab8 27. Kh1
Rec8 28. Rfe1 Qc4 29. Qxc4 Rxc4 30. Rb1 Rxc2 31. Rxb6 Rxb6 32. Bxb6 Nxg2 33.
Rb1 Nh4 34. Bf2 Ng6 35. Rb8+ Nf8 36. Bb6 f6 37. Bxa5 Ra2 38. Bc7 Kf7 39. Bxd6
Ng6 40. Rb7+ Kg8 41. Bc5 Nh4 42. Kg1 Nxf3+ 43. Kf1 Nd2+ 44. Ke1 Nxe4 45. Bb4
Rxa4 46. d6 Rxb4 47. d7 Rd4 48. Rb8+ Kf7 49. d8=Q Rxd8 50. Rxd8 h5 51. Ke2 g6
52. Ke3 f5 53. Rd1 Kf6 54. Rg1 g5 55. Rd1 g4 56. Rd8 Ke7 57. Rh8 Nf6 58. Ke2 f4
59. Ra8 Ke6 60. Ra6+ Kf5 61. Ra5 h4 62. Ra3 g3 63. hxg3 hxg3 64. Kf1 Kg4 65.
Ra5 e4 66. Ra3 f3 67. Re3 Kf4 68. Re1 Ng4 69. Ra1 Ne3+ 70. Kg1 f2+ 0-1

[Event "DVM U14 2016"]
[Site "Düsseldorf GER"]
[Date "2016.12.27"]
[Round "2"]
[White "Koll, Linus"]
[Black "Grunert, Wilhelm"]
[Result "1-0"]
[Termination "normal"]
[Board "4.4"]
[WhiteElo "1728"]
[BlackElo "1575"]
[WhiteTeam "Karlsruher SF"]
[BlackTeam "SK München Südost"]
[PlyCount "88"]
[WhiteFideId "12990299"]
[BlackFideId "12995673"]
[EventCountry "GER"]
[EventRounds "7"]
[EventType "team-swiss"]
[EventDate "2016.12.26"]

1. e4 c5 2. Nf3 Nc6 3. d4 cxd4 4. Nxd4 g6 5. c4 Bg7 6. Be3 Nf6 7. Nc3 d6 8. Be2
Bd7 9. h3 O-O 10. Qd2 Rc8 11. O-O b6 12. Rfd1 Nxd4 13. Bxd4 Ne8 14. f4 Nc7 15.
Bxg7 Kxg7 16. e5 dxe5 17. Qxd7 exf4 18. Qxd8 Rfxd8 19. Rxd8 Rxd8 20. Rd1 Rxd1+
21. Bxd1 f5 22. a4 a6 23. b4 Kf6 24. a5 bxa5 25. bxa5 Ke5 26. Nd5 Kd6 27. Be2
g5 28. Nxc7 Kxc7 29. c5 Kc6 30. Bxa6 Kxc5 31. Bc8 Kb5 32. a6 Kb6 33. a7 Kxa7
34. Bxf5 h6 35. Kf2 Kb6 36. Kf3 Kc5 37. Ke4 Kd6 38. Bg4 Kc5 39. Ke5 Kc4 40. Ke6
Kd3 41. Kxe7 Ke3 42. Kf6 Kf2 43. Bf3 g4 44. hxg4 Kg3 1-0

[Event "DVM U14 2016"]
[Site "Düsseldorf GER"]
[Date "2016.12.27"]
[Round "2"]
[White "Dietz, Florian"]
[Black "Krastev, Alexander"]
[Result "0-1"]
[Termination "normal"]
[Board "5.1"]
[WhiteElo "1922"]
[BlackElo "1961"]
[WhiteTeam "Reideburger SV 90 Halle"]
[BlackTeam "Biebertaler SF"]
[PlyCount "118"]
[WhiteFideId "12939897"]
[BlackFideId "12989983"]
[EventCountry "GER"]
[EventRounds "7"]
[EventType "team-swiss"]
[EventDate "2016.12.26"]

1. e4 e5 2. Nf3 Nc6 3. Bc4 Nf6 4. d3 Be7 5. c3 O-O 6. O-O d5 7. exd5 Nxd5 8.
Re1 Bg4 9. h3 Bh5 10. Nbd2 a6 11. Ne4 Nb6 12. Bb3 Bg6 13. d4 exd4 14. cxd4 Re8
15. Nc5 Nxd4 16. Nxb7 Qc8 17. Qxd4 Qxb7 18. Bf4 c5 19. Qc3 c4 20. Bc2 Nd5 21.
Qxc4 Nxf4 22. Ba4 Nd3 23. Bxe8 Nxe1 24. Bc6 Nxf3+ 25. Bxf3 Rc8 26. Qxf7+ Bxf7
27. Bxb7 Rc2 28. Bxa6 Rxb2 29. a4 Bc5 30. Rf1 Bb3 31. Bb5 Kf7 32. a5 Kf6 33. a6
Kg5 34. Bc6 Bc4 35. Ra1 Bxf2+ 36. Kh2 Ba7 37. Bb7 Ra2 38. Rd1 Bxa6 39. Rd5+ Kf4
40. Bxa6 Rxa6 41. Rd7 Ke3 42. Re7+ Kf2 43. Rxg7 Bb8+ 44. g3 Rg6 45. Rf7+ Ke3
46. Re7+ Kf3 47. Rf7+ Ke4 48. Re7+ Be5 49. h4 h6 50. Re8 Kf5 51. Rf8+ Kg4 52.
Kh1 Bxg3 53. Ra8 Kxh4 54. Ra4+ Kh3 55. Rb4 Re6 56. Rb1 Re2 57. Rf1 h5 58. Kg1
Rg2+ 59. Kh1 Bf2 0-1

[Event "DVM U14 2016"]
[Site "Düsseldorf GER"]
[Date "2016.12.27"]
[Round "2"]
[White "Grunwald, Jonathan"]
[Black "Post, Hugo"]
[Result "1-0"]
[Termination "normal"]
[Board "5.2"]
[WhiteElo "1526"]
[BlackElo "1862"]
[WhiteTeam "Biebertaler SF"]
[BlackTeam "Reideburger SV 90 Halle"]
[PlyCount "45"]
[WhiteFideId "12955744"]
[BlackFideId "12962490"]
[EventCountry "GER"]
[EventRounds "7"]
[EventType "team-swiss"]
[EventDate "2016.12.26"]

1. e4 c5 2. Nc3 Nc6 3. f4 g6 4. Nf3 Bg7 5. Bb5 Nd4 6. O-O e6 7. d3 Ne7 8. e5
O-O 9. Nxd4 cxd4 10. Ne4 a6 11. Bc4 b5 12. Bb3 Qc7 13. Qe1 Bb7 14. Nf6+ Kh8 15.
Qh4 h6 16. f5 Qc6 17. Qh3 Nxf5 18. Bd5 exd5 19. Rxf5 gxf5 20. Bxh6 Qxf6 21.
exf6 Bxf6 22. Bg5+ Kg7 23. Qh6+ 1-0

[Event "DVM U14 2016"]
[Site "Düsseldorf GER"]
[Date "2016.12.27"]
[Round "2"]
[White "Henning, Marvin"]
[Black "Engert, Kiyan"]
[Result "1-0"]
[Termination "normal"]
[Board "5.3"]
[WhiteElo "1935"]
[BlackElo "1472"]
[WhiteTeam "Reideburger SV 90 Halle"]
[BlackTeam "Biebertaler SF"]
[PlyCount "69"]
[WhiteFideId "12957399"]
[BlackFideId "16214870"]
[EventCountry "GER"]
[EventRounds "7"]
[EventType "team-swiss"]
[EventDate "2016.12.26"]

1. e4 e5 2. Nf3 Nc6 3. Bb5 a6 4. Ba4 Nf6 5. O-O b5 6. Bb3 Be7 7. c3 O-O 8. d4
exd4 9. e5 Ne4 10. cxd4 Ng5 11. Bxg5 Bxg5 12. d5 Na5 13. Bc2 d6 14. a4 Bb7 15.
axb5 axb5 16. Nc3 dxe5 17. Nxe5 c6 18. Qd3 g6 19. Rfd1 Bf6 20. Ng4 Bxc3 21.
Qxc3 h5 22. Nf6+ Kg7 23. Nd7+ Kg8 24. Nxf8 cxd5 25. Nxg6 fxg6 26. Bxg6 Qg5 27.
Rxa5 Rxa5 28. Qxa5 d4 29. Bf7+ Kg7 30. g3 Qg4 31. Qd2 Qh3 32. Qxd4+ Kh7 33. Bd5
Bc8 34. Be4+ Bf5 35. Qd7+ 1-0

[Event "DVM U14 2016"]
[Site "Düsseldorf GER"]
[Date "2016.12.27"]
[Round "2"]
[White "Limpert, Tillmann"]
[Black "Schlosser, Justin"]
[Result "0-1"]
[Termination "normal"]
[Board "5.4"]
[WhiteElo "1486"]
[BlackElo "1638"]
[WhiteTeam "Biebertaler SF"]
[BlackTeam "Reideburger SV 90 Halle"]
[PlyCount "110"]
[WhiteFideId "16213254"]
[BlackFideId "12993700"]
[EventCountry "GER"]
[EventRounds "7"]
[EventType "team-swiss"]
[EventDate "2016.12.26"]

1. e4 e5 2. Nf3 Nc6 3. Bc4 Bc5 4. c3 Nf6 5. d3 O-O 6. Nbd2 d6 7. Nf1 Be6 8. Bb5
Ne7 9. Ng3 c6 10. Ba4 Bb6 11. Bc2 Ng6 12. O-O Re8 13. Re1 Qd7 14. d4 exd4 15.
cxd4 Bg4 16. Nf5 Nxe4 17. Bxe4 Bxf5 18. Bxf5 Qxf5 19. Be3 Re7 20. Qb3 d5 21. a4
Ba5 22. Rec1 Rae8 23. Qa3 Nf4 24. b4 Ne2+ 25. Kf1 Nxc1 26. Rxc1 Bc7 27. a5 Bf4
28. Bxf4 Qxf4 29. a6 bxa6 30. Ra1 Qe4 31. Qxa6 g5 32. h3 h5 33. Qxc6 g4 34. Qh6
gxf3 35. Qg5+ Qg6 36. Qxg6+ fxg6 37. gxf3 Rb8 38. Ra4 Rb5 39. Kg2 Reb7 40. Ra6
Kf7 41. Rd6 R7b6 42. Rd7+ Kf6 43. Kg3 Rxb4 44. Rxd5 Ke7 45. Ra5 a6 46. Rg5 Rxd4
47. f4 Kf6 48. Ra5 Rc6 49. f3 h4+ 50. Kg4 Ke6 51. Rg5 Kf7 52. Ra5 Rcc4 53. Rxa6
Rxf4+ 54. Kg5 Rf5+ 55. Kh6 Rh5# 0-1

[Event "DVM U14 2016"]
[Site "Düsseldorf GER"]
[Date "2016.12.27"]
[Round "2"]
[White "Righi, Sofian"]
[Black "Pfreundt, Mathis"]
[Result "1/2-1/2"]
[Termination "normal"]
[Board "6.1"]
[WhiteElo "1760"]
[BlackElo "1898"]
[WhiteTeam "Düsseldorfer SK"]
[BlackTeam "Königsspringer SC"]
[PlyCount "74"]
[WhiteFideId "12987581"]
[BlackFideId "12967092"]
[EventCountry "GER"]
[EventRounds "7"]
[EventType "team-swiss"]
[EventDate "2016.12.26"]

1. d4 Nf6 2. c4 e6 3. Nc3 d5 4. Bg5 Be7 5. e3 h6 6. Bf4 O-O 7. Nf3 b6 8. cxd5
exd5 9. Bd3 Bb7 10. O-O Nbd7 11. Qe2 Ne4 12. Nd2 Nxc3 13. bxc3 Nf6 14. f3 Nh5
15. Bg3 Nxg3 16. hxg3 Bd6 17. f4 Re8 18. Rfe1 c5 19. Qf2 Rc8 20. Rac1 Qf6 21.
e4 dxe4 22. Bxe4 Ba6 23. d5 c4 24. Kf1 Bb5 25. Nf3 Ba4 26. Qb2 Re7 27. Bc2 Bd7
28. Rxe7 Qxe7 29. Re1 Qf6 30. Ne5 Re8 31. Nxd7 Rxe1+ 32. Kxe1 Qe7+ 33. Ne5 f6
34. Qc1 fxe5 35. Qe3 Qf6 36. f5 Bc5 37. Qe4 b5 1/2-1/2

[Event "DVM U14 2016"]
[Site "Düsseldorf GER"]
[Date "2016.12.27"]
[Round "2"]
[White "Kipke, Kevin"]
[Black "Kostenko, Peter Alexander"]
[Result "1-0"]
[Termination "normal"]
[Board "6.2"]
[WhiteElo "1623"]
[BlackElo "1220"]
[WhiteTeam "Königsspringer SC"]
[BlackTeam "Düsseldorfer SK"]
[PlyCount "55"]
[WhiteFideId "12988332"]
[BlackFideId "16235177"]
[EventCountry "GER"]
[EventRounds "7"]
[EventType "team-swiss"]
[EventDate "2016.12.26"]

1. e4 e5 2. Nf3 Nf6 3. Nxe5 d6 4. Nf3 Nxe4 5. d4 d5 6. Be3 Bd6 7. Bd3 Bg4 8. c4
c6 9. Qb3 Qa5+ 10. Nfd2 Nd7 11. Bxe4 dxe4 12. Qxb7 Rb8 13. Qxc6 Be7 14. Qxe4
Nf6 15. Qc2 O-O 16. O-O Rb4 17. a3 Rb7 18. Nc3 Rc8 19. Nce4 Nxe4 20. Qxe4 Rxb2
21. Qxg4 Rxd2 22. Qxc8+ Bf8 23. Bxd2 Qxd2 24. Rab1 Qxd4 25. Rb8 Qd6 26. Qxf8+
Qxf8 27. Rxf8+ Kxf8 28. Re1 1-0

[Event "DVM U14 2016"]
[Site "Düsseldorf GER"]
[Date "2016.12.27"]
[Round "2"]
[White "Wiedenbruch, Paul"]
[Black "Samson, Valentin"]
[Result "1/2-1/2"]
[Termination "normal"]
[Board "6.3"]
[WhiteElo "1407"]
[BlackElo "1577"]
[WhiteTeam "Düsseldorfer SK"]
[BlackTeam "Königsspringer SC"]
[PlyCount "81"]
[WhiteFideId "16207343"]
[BlackFideId "36020656"]
[EventCountry "GER"]
[EventRounds "7"]
[EventType "team-swiss"]
[EventDate "2016.12.26"]

1. e4 e6 2. d4 d5 3. exd5 exd5 4. Nf3 Nf6 5. c4 Be7 6. Nc3 O-O 7. Be2 Be6 8.
Qb3 b6 9. Bg5 dxc4 10. Bxc4 Bxc4 11. Qxc4 a6 12. O-O Qd7 13. Bf4 Bd6 14. Ne5
Qd8 15. Bg5 b5 16. Qb3 Be7 17. Rfd1 Nfd7 18. Bxe7 Qxe7 19. Nd5 Qd6 20. Qf3 c6
21. Nxd7 Nxd7 22. Ne3 Nf6 23. Rac1 Rac8 24. Ng4 Nxg4 25. Qxg4 Rfe8 26. d5 c5
27. Qg3 Qxg3 28. fxg3 Red8 29. Kf2 f6 30. d6 Kf7 31. Rc2 Rd7 32. Re2 Re8 33.
Rc2 c4 34. b3 cxb3 35. axb3 Re6 36. Rc7 Rxc7 37. dxc7 Rc6 38. Rd7+ Kg6 39. Ke3
a5 40. Kd4 a4 41. bxa4 1/2-1/2

[Event "DVM U14 2016"]
[Site "Düsseldorf GER"]
[Date "2016.12.27"]
[Round "2"]
[White "Cinar, Alihan"]
[Black "Mijatovic, Robert"]
[Result "1-0"]
[Termination "normal"]
[Board "6.4"]
[WhiteElo "1412"]
[BlackElo "861"]
[WhiteTeam "Königsspringer SC"]
[BlackTeam "Düsseldorfer SK"]
[PlyCount "50"]
[WhiteFideId "16217608"]
[BlackFideId "16234952"]
[EventCountry "GER"]
[EventRounds "7"]
[EventType "team-swiss"]
[EventDate "2016.12.26"]

1. e4 e5 2. Nf3 Nf6 3. Nc3 Bc5 4. d3 Ng4 5. d4 exd4 6. Na4 d6 7. h3 Nf6 8. Bg5
Bb4+ 9. c3 dxc3 10. bxc3 Ba3 11. Qb3 Bc5 12. Nxc5 dxc5 13. Qb5+ Nbd7 14. e5 Qe7
15. Be2 c6 16. exf6 cxb5 17. fxe7 f6 18. Be3 Kxe7 19. Bxb5 a6 20. Bxd7 Bxd7 21.
Bxc5+ Kf7 22. O-O Rac8 23. Bd4 Rc7 24. Rfe1 Rhc8 25. Rab1 Bf5 { Nicht
rekonstruierbar, da nur ein Partieformular vorhanden} 1-0

[Event "DVM U14 2016"]
[Site "Düsseldorf GER"]
[Date "2016.12.27"]
[Round "2"]
[White "Faßhauer, Jacob"]
[Black "Triantafillidis, Simeon"]
[Result "0-1"]
[Termination "normal"]
[Board "7.1"]
[WhiteElo "1890"]
[BlackElo "1656"]
[WhiteTeam "SG Leipzig"]
[BlackTeam "SF HN-Biberach"]
[PlyCount "68"]
[WhiteFideId "12990167"]
[BlackFideId "12953113"]
[EventCountry "GER"]
[EventRounds "7"]
[EventType "team-swiss"]
[EventDate "2016.12.26"]

1. e4 e5 2. Nf3 Nc6 3. Bc4 Nf6 4. d3 h6 5. c3 Bc5 6. O-O d6 7. Bb3 Bd7 8. Nbd2
a6 9. h3 g5 10. Nh2 Ba7 11. Nc4 Qe7 12. Be3 O-O-O 13. Qf3 Rdg8 14. Bxa7 Nxa7
15. Ng4 Nxg4 16. hxg4 h5 17. Ne3 hxg4 18. Nxg4 Rh4 19. Ne3 g4 20. Nf5 Bxf5 21.
Qxf5+ Kb8 22. Rfe1 g3 23. f3 Rgh8 24. Kf1 Rf4 25. Qxf4 exf4 26. Ke2 Rh2 27. Rg1
f5 28. Kd2 fxe4 29. dxe4 Qh4 30. Be6 Qh6 31. Bg4 Nc6 32. Rad1 Ne5 33. Kc2 Nxg4
34. fxg4 f3 0-1

[Event "DVM U14 2016"]
[Site "Düsseldorf GER"]
[Date "2016.12.27"]
[Round "2"]
[White "Geltz, Noah"]
[Black "Mücka, Cedric"]
[Result "1-0"]
[Termination "normal"]
[Board "7.2"]
[WhiteElo "1830"]
[BlackElo "1526"]
[WhiteTeam "SF HN-Biberach"]
[BlackTeam "SG Leipzig"]
[PlyCount "35"]
[WhiteFideId "16224256"]
[BlackFideId "16217640"]
[EventCountry "GER"]
[EventRounds "7"]
[EventType "team-swiss"]
[EventDate "2016.12.26"]

1. d4 d5 2. Nf3 Nf6 3. Bf4 g6 4. c4 c6 5. e3 Bg7 6. Nc3 O-O 7. Qb3 dxc4 8. Bxc4
b5 9. Be2 Be6 10. Qc2 Nbd7 11. Ng5 Bg4 12. f3 b4 13. Na4 Qa5 14. b3 Bf5 15. e4
Nh5 16. Be3 c5 17. Rd1 Be6 18. d5 1-0

[Event "DVM U14 2016"]
[Site "Düsseldorf GER"]
[Date "2016.12.27"]
[Round "2"]
[White "Liedtke, Sebastian"]
[Black "Gerold, Robin"]
[Result "1-0"]
[Termination "normal"]
[Board "7.3"]
[WhiteElo "1454"]
[BlackElo "1385"]
[WhiteTeam "SG Leipzig"]
[BlackTeam "SF HN-Biberach"]
[PlyCount "119"]
[WhiteFideId "16217667"]
[BlackFideId "16235185"]
[EventCountry "GER"]
[EventRounds "7"]
[EventType "team-swiss"]
[EventDate "2016.12.26"]

1. e4 c6 2. d4 d5 3. e5 Bf5 4. Bd3 Bxd3 5. Qxd3 e6 6. Nf3 Ne7 7. Bg5 Qb6 8. b3
Ng6 9. Nbd2 Qa6 10. Qxa6 Nxa6 11. c3 Nc7 12. a4 Be7 13. Bxe7 Nxe7 14. Ng5 h6
15. Nh3 O-O 16. O-O b6 17. Rac1 c5 18. f4 Nf5 19. Nf3 Rac8 20. Nf2 Na6 21. Nd3
Rc7 22. g4 Ne7 23. Rc2 Rfc8 24. Rfc1 Nc6 25. Kh1 Kf8 26. dxc5 Nxc5 27. Nxc5
bxc5 28. b4 c4 29. Rb1 Rb8 30. Rcb2 Rcb7 31. Kg1 a5 32. b5 Nd8 33. Nd4 Rb6 34.
Kf2 Nb7 35. Ke2 Nc5 36. Nc6 Ra8 37. Ke3 Nxa4 38. Rc2 Nc5 39. Ra2 a4 40. h4 Ne4
41. Ra3 g5 42. fxg5 hxg5 43. h5 Kg7 44. Nd4 f6 45. exf6+ Nxf6 46. Kf3 Ne4 47.
Ke3 Nd6 48. Nxe6+ Kf6 49. Nc7 Nxb5 50. Rxb5 Rxb5 51. Nxb5 Rb8 52. Nc7 Rb3 53.
Rxb3 axb3 54. Kd2 Ke5 55. Nxd5 Ke6 56. Ne3 Kf6 57. Nxc4 Ke6 58. Na5 b2 59. Kc2
b1=Q+ 60. Kxb1 1-0

[Event "DVM U14 2016"]
[Site "Düsseldorf GER"]
[Date "2016.12.27"]
[Round "2"]
[White "Melzig, Antonio"]
[Black "Wang, Ruiming"]
[Result "0-1"]
[Termination "normal"]
[Board "7.4"]
[WhiteElo "1256"]
[BlackElo "1568"]
[WhiteTeam "SF HN-Biberach"]
[BlackTeam "SG Leipzig"]
[PlyCount "44"]
[WhiteFideId "16235193"]
[BlackFideId "16217659"]
[EventCountry "GER"]
[EventRounds "7"]
[EventType "team-swiss"]
[EventDate "2016.12.26"]

1. e4 c5 2. Nf3 d6 3. Bb5+ Bd7 4. a4 Bxb5 5. axb5 Nf6 6. d3 g6 7. O-O Bg7 8.
Be3 Ng4 9. c3 Nxe3 10. fxe3 O-O 11. d4 Nd7 12. Nbd2 Qc7 13. Qb3 e6 14. c4 Qb6
15. Qc3 cxd4 16. exd4 e5 17. Nb3 exd4 18. Nbxd4 Nc5 19. Rfe1 Rfe8 20. Nd2 Nxe4
21. Qc2 Qxd4+ 22. Kh1 Nf2+ 0-1

[Event "DVM U14 2016"]
[Site "Düsseldorf GER"]
[Date "2016.12.27"]
[Round "2"]
[White "Wolf, Philipp"]
[Black "Staufenberger, Philipp"]
[Result "0-1"]
[Termination "normal"]
[Board "8.1"]
[WhiteElo "1713"]
[BlackElo "1793"]
[WhiteTeam "SG Blau-Weiß Stadtilm"]
[BlackTeam "SG Königskinder Hohentübingen"]
[PlyCount "74"]
[WhiteFideId "12958948"]
[BlackFideId "12970883"]
[EventCountry "GER"]
[EventRounds "7"]
[EventType "team-swiss"]
[EventDate "2016.12.26"]

1. e4 e6 2. d4 d5 3. Nd2 Be7 4. Bd3 c5 5. c3 Nc6 6. Ne2 Nf6 7. e5 Nd7 8. Nf3 f6
9. exf6 Bxf6 10. O-O cxd4 11. cxd4 Qb6 12. Re1 O-O 13. Bb1 g6 14. b3 Ne7 15.
Nf4 Nb8 16. Ne5 Nbc6 17. Be3 Qb4 18. Nf3 Nxd4 19. Nxd4 Bxd4 20. Nd3 Qc3 21.
Bxd4 Qxd4 22. Bc2 Nc6 23. Rc1 Bd7 24. Qe2 Rae8 25. Bb1 Nb4 26. Nc5 Bc8 27. Red1
Qf4 28. a3 Nc6 29. Rc3 Nd4 30. Qe1 e5 31. Nd3 Qg5 32. Kh1 Bg4 33. Rdc1 Ne2 34.
f3 Nxc3 35. Rxc3 Rxf3 36. Rc7 Ref8 37. Rc1 Qxc1 0-1

[Event "DVM U14 2016"]
[Site "Düsseldorf GER"]
[Date "2016.12.27"]
[Round "2"]
[White "Hofele, Mathis"]
[Black "Creß, Bastian"]
[Result "1-0"]
[Termination "normal"]
[Board "8.2"]
[WhiteElo "1687"]
[BlackElo "1608"]
[WhiteTeam "SG Königskinder Hohentübingen"]
[BlackTeam "SG Blau-Weiß Stadtilm"]
[PlyCount "83"]
[WhiteFideId "12963844"]
[BlackFideId "16208846"]
[EventCountry "GER"]
[EventRounds "7"]
[EventType "team-swiss"]
[EventDate "2016.12.26"]

1. e4 e5 2. Nf3 Nc6 3. Bb5 a6 4. Ba4 Nf6 5. d3 b5 6. Bb3 Bc5 7. O-O h6 8. Re1
Ng4 9. Rf1 O-O 10. h3 Nf6 11. c3 Ba7 12. Re1 d6 13. Nbd2 Bb7 14. Nf1 Qd7 15.
Ng3 Ne7 16. Nh4 Kh7 17. Ngf5 Nfg8 18. Qg4 Nxf5 19. Nxf5 g6 20. Nxh6 Qxg4 21.
Nxg4 f5 22. exf5 gxf5 23. Nh2 Rf6 24. Be3 Rg6 25. f3 Nf6 26. Bxa7 Rxa7 27. a4
c6 28. axb5 cxb5 29. Bc2 Bc8 30. d4 Re7 31. dxe5 dxe5 32. Rad1 Kh6 33. Nf1 Nh5
34. Kh2 Rg8 35. Rd6+ Kg7 36. Ne3 Rf8 37. Nd5 Ref7 38. Rxe5 Kh8 39. Rh6+ Rh7 40.
Rxh7+ Kxh7 41. Nb6 Bb7 42. Re7+ 1-0

[Event "DVM U14 2016"]
[Site "Düsseldorf GER"]
[Date "2016.12.27"]
[Round "2"]
[White "Rapp, Lukas"]
[Black "Hurm, Moritz"]
[Result "1/2-1/2"]
[Termination "normal"]
[Board "8.3"]
[WhiteElo "1630"]
[BlackElo "1492"]
[WhiteTeam "SG Blau-Weiß Stadtilm"]
[BlackTeam "SG Königskinder Hohentübingen"]
[PlyCount "58"]
[WhiteFideId "12989320"]
[BlackFideId "16235150"]
[EventCountry "GER"]
[EventRounds "7"]
[EventType "team-swiss"]
[EventDate "2016.12.26"]

1. e4 c5 2. Nf3 a6 3. d4 cxd4 4. Nxd4 Nf6 5. Nc3 e5 6. Nb3 Bb4 7. f3 d6 8. Qd3
O-O 9. Bd2 Bxc3 10. Bxc3 Be6 11. O-O-O Ne8 12. g4 Qc7 13. Bb4 a5 14. Bxd6 Nxd6
15. Qxd6 Qxd6 16. Rxd6 Nc6 17. a3 Bxb3 18. cxb3 Nd4 19. Rb6 Rac8+ 20. Kb1 Nxf3
21. Rxb7 Nd2+ 22. Ka2 Nxe4 23. Bc4 Nd6 24. Ra7 Nxc4 25. bxc4 Rxc4 26. Rxa5 e4
27. Re5 Rb8 28. Re1 Rc2 29. R5xe4 Rbxb2+ 1/2-1/2

[Event "DVM U14 2016"]
[Site "Düsseldorf GER"]
[Date "2016.12.27"]
[Round "2"]
[White "Simukov, Erik"]
[Black "Uhlendorff, Luca"]
[Result "1-0"]
[Termination "normal"]
[Board "9.1"]
[WhiteElo "1769"]
[BlackElo "1587"]
[WhiteTeam "SVG CAISSA Kassel"]
[BlackTeam "KSV Rochade Göttingen"]
[PlyCount "75"]
[WhiteFideId "12995380"]
[BlackFideId "16221923"]
[EventCountry "GER"]
[EventRounds "7"]
[EventType "team-swiss"]
[EventDate "2016.12.26"]

1. e4 d5 2. exd5 Nf6 3. d4 Nxd5 4. c4 Nf6 5. Nc3 c6 6. Be2 Bf5 7. Nf3 e6 8. Bf4
Bd6 9. Bxd6 Qxd6 10. O-O O-O 11. Qd2 Nbd7 12. Rfe1 Ne4 13. Nxe4 Bxe4 14. Rad1
Nf6 15. Ne5 Rfd8 16. Qc3 Rac8 17. a4 Qc7 18. b4 h6 19. Rc1 Qb8 20. Qb2 Qd6 21.
Red1 Qb8 22. f3 Bh7 23. Qb3 Bf5 24. Rd2 a5 25. bxa5 Qa7 26. Qb6 Qxb6 27. axb6
c5 28. Rcd1 cxd4 29. Rxd4 Rxd4 30. Rxd4 Ra8 31. Bd1 Ra6 32. Rd6 Ra5 33. f4 Be4
34. Rd8+ Kh7 35. Nxf7 Bc6 36. g4 Bxa4 37. Bxa4 Rxa4 38. Rh8+ 1-0